[Event "Online Olym Top DivA 2021"]
[Site "chess.com INT"]
[Date "2021.09.08"]
[Round "2.2"]
[Board "3"]
[White "Ju, Wenjun"]
[Black "Munguntuul, Batkhuyag"]
[Result "1-0"]
[WhiteTitle "GM"]
[BlackTitle "IM"]
[WhiteElo "2560"]
[BlackElo "2433"]
[WhiteTeam "China"]
[BlackTeam "Mongolia"]
[WhiteFideId "8603006"]
[BlackFideId "4900758"]
[EventDate "2021.09.08"]
[EventType "team"]

1. d4 d5 2. c4 c6 3. Nf3 Nf6 4. Nc3 e6 5. e3 Nbd7 6. Qc2 Bd6 7. Be2 dxc4 8. Bxc4
O-O 9. a4 Qe7 10. O-O e5 11. h3 h6 12. Nh4 Nb6 13. Ng6 Qc7 14. dxe5 Bxe5 15.
Nxe5 Qxe5 16. Bd3 Nbd5 17. Nxd5 Nxd5 18. Bd2 Rd8 19. Rfd1 Be6 20. Be1 Rd6 21. b4
Rad8 22. Rac1 a6 23. Kh1 Qf6 24. Be4 Qe5 25. Bf3 Qg5 26. Qc5 Qe7 27. e4 Nf4 28.
e5 Qh4 29. Rxd6 Rxd6 30. exd6 Nxh3 31. gxh3 Qxh3+ 32. Kg1 Qxf3 33. Qe3 Qg4+ 34.
Qg3 Qe4 35. Bc3 1-0

[Event "Online Olym Top DivA 2021"]
[Site "chess.com INT"]
[Date "2021.09.08"]
[Round "2.2"]
[Board "4"]
[White "Bayarmaa, Bayarjargal"]
[Black "Lei, Tingjie"]
[Result "0-1"]
[WhiteTitle "WIM"]
[BlackTitle "GM"]
[WhiteElo "2124"]
[BlackElo "2505"]
[WhiteTeam "Mongolia"]
[BlackTeam "China"]
[WhiteFideId "4900260"]
[BlackFideId "8605114"]
[EventDate "2021.09.08"]
[EventType "team"]

1. d4 Nf6 2. c4 e6 3. Nf3 d5 4. Nc3 Bb4 5. Qa4+ Nc6 6. a3 Bxc3+ 7. bxc3 Ne4 8.
e3 Nxc3 9. Qc2 Ne4 10. Bd3 Nd6 11. cxd5 exd5 12. Ne5 Ne7 13. a4 Bf5 14. Bxf5
Nexf5 15. Ba3 c6 16. O-O O-O 17. a5 a6 18. Rfb1 f6 19. Nd3 Rf7 20. Nc5 Nh4 21.
Ne6 Qd7 22. Nf4 Nc4 23. Bc5 Re8 24. h3 Re4 25. Ra4 f5 26. Nd3 Ng6 27. Bb4 Re8
28. Bd2 f4 29. exf4 Re2 30. Rd1 Nxf4 31. Nxf4 Rxf4 32. Rxc4 Rfxf2 33. Rc3 Rxg2+
34. Kh1 Rh2+ 35. Kg1 Reg2+ 36. Kf1 Qf7+ 37. Ke1 Rg1# 0-1

[Event "Online Olym Top DivA 2021"]
[Site "chess.com INT"]
[Date "2021.09.08"]
[Round "2.2"]
[Board "5"]
[White "Xu, Zhihang"]
[Black "Gan-Erdene, Sugar"]
[Result "1-0"]
[WhiteTitle "IM"]
[BlackTitle "IM"]
[WhiteElo "2515"]
[BlackElo "2419"]
[WhiteTeam "China"]
[BlackTeam "Mongolia"]
[WhiteFideId "8611572"]
[BlackFideId "4902980"]
[EventDate "2021.09.08"]
[EventType "team"]

1. c4 Nf6 2. Nc3 g6 3. g3 Bg7 4. Bg2 O-O 5. Nf3 d6 6. d4 Nc6 7. O-O a6 8. b3 Rb8
9. Bg5 b5 10. d5 Na5 11. cxb5 axb5 12. b4 Nc4 13. Qb3 h6 14. Bxf6 Bxf6 15. Rac1
Ne5 16. Nd4 Bd7 17. Rfd1 Bg7 18. h3 h5 19. Ne4 Qc8 20. Kh2 Ra8 21. Nd2 h4 22.
gxh4 Ng4+ 23. hxg4 Bxd4 24. e3 Bg7 25. g5 Ra7 26. Rc2 Bf5 27. e4 Be5+ 28. Kg1
Bg4 29. Bf3 Bxf3 30. Qxf3 Qa8 31. Nf1 Rxa2 32. Rxc7 Qa4 33. h5 Qxb4 34. Rxe7
gxh5 35. Ne3 Ra3 36. Qf5 Ra4 37. g6 Qxe4 38. gxf7+ Kh8 39. Qxh5+ Qh7 40. Qxh7+
Kxh7 41. Rb1 Ra1 42. Rxa1 Bxa1 43. Rb7 Kg6 44. Rxb5 Rxf7 45. Rb6 Be5 46. Nc4 Bd4
47. Rxd6+ Kg5 48. Ne3 Kf4 49. Re6 Kf3 50. d6 Ra7 51. Re7 Ra1+ 52. Kh2 Kxf2 53.
d7 Bb6 54. Nd5 Bd8 55. Re8 Ra8 56. Kh3 Kf3 57. Nc7 Rb8 58. Ne6 Rb1 59. Rf8+ Ke4
60. Rxd8 Rd1 61. Nc5+ 1-0

[Event "Online Olym Top DivA 2021"]
[Site "chess.com INT"]
[Date "2021.09.08"]
[Round "2.2"]
[Board "6"]
[White "Munkhzul, Davaakhuu"]
[Black "Ning, Kaiyu"]
[Result "1-0"]
[WhiteTitle "WFM"]
[BlackTitle "WIM"]
[WhiteElo "1991"]
[BlackElo "2372"]
[WhiteTeam "Mongolia"]
[BlackTeam "China"]
[WhiteFideId "4902815"]
[BlackFideId "8614750"]
[EventDate "2021.09.08"]
[EventType "team"]

1. e4 c5 2. Nf3 d6 3. d4 cxd4 4. Nxd4 Nf6 5. Nc3 a6 6. Nb3 e6 7. g4 b5 8. Bg2
Bb7 9. g5 Nfd7 10. f4 h6 11. h4 hxg5 12. hxg5 Rxh1+ 13. Bxh1 b4 14. Ne2 a5 15.
Be3 e5 16. f5 Na6 17. Qd3 Qc7 18. g6 Be7 19. Qb5 Nb8 20. O-O-O Ra6 21. Kb1 fxg6
22. fxg6 Kd8 23. Ng3 a4 24. Nc1 a3 25. Qxb4 d5 26. Qb3 axb2 27. Nd3 Ra3 28. Qxb2
d4 29. Bg5 Ra6 30. Bxe7+ Kxe7 31. Nb4 Rb6 32. Nf5+ Kf6 33. Rf1 Ba6 34. Rf2 d3
35. Nd5+ Kxg6 36. Nxc7 Rxb2+ 37. Kxb2 dxc2 38. Kxc2 Bc4 39. a3 1-0

[Event "Online Olym Top DivA 2021"]
[Site "chess.com INT"]
[Date "2021.09.08"]
[Round "2.3"]
[Board "1"]
[White "Mastrovasilis, Dimitrios"]
[Black "Kuybokarov, Temur"]
[Result "1/2-1/2"]
[WhiteTitle "GM"]
[BlackTitle "GM"]
[WhiteElo "2615"]
[BlackElo "2549"]
[WhiteTeam "Greece"]
[BlackTeam "Australia"]
[WhiteFideId "4202694"]
[BlackFideId "14203049"]
[EventDate "2021.09.08"]
[EventType "team"]

1. e4 e5 2. Nf3 Nc6 3. d4 exd4 4. Nxd4 Nf6 5. Nxc6 bxc6 6. Bd3 d5 7. Qe2 dxe4 8.
Nc3 Bb4 9. Bxe4 Nxe4 10. Qxe4+ Qe7 11. Bd2 Bf5 12. Qxe7+ Bxe7 13. O-O-O O-O-O
14. Rhe1 Bf6 15. Ne4 Bd4 16. Bc3 Bb6 17. Ng3 Be6 18. Bxg7 Rhg8 19. Rxd8+ Rxd8
20. f3 Rg8 21. Bh6 Bf2 22. Re2 Bxg3 23. hxg3 Rxg3 24. b3 Rg6 25. Be3 a6 26. Kd2
h5 27. Ke1 h4 28. Kf2 h3 29. g4 h2 30. Re1 Rf6 31. Bd4 Rxf3+ 32. Kxf3 Bd5+ 33.
Kf4 Kd7 34. Kf5 h1=Q 35. Rxh1 Bxh1 36. Kf6 Bf3 37. g5 Bh5 38. Bc5 Bg6 39. b4 Bh5 1/2-1/2

[Event "Online Olym Top DivA 2021"]
[Site "chess.com INT"]
[Date "2021.09.08"]
[Round "2.3"]
[Board "2"]
[White "Zhao, Zong-Yuan"]
[Black "Pavlidis, Antonios"]
[Result "0-1"]
[WhiteTitle "GM"]
[BlackTitle "GM"]
[WhiteElo "2525"]
[BlackElo "2536"]
[WhiteTeam "Australia"]
[BlackTeam "Greece"]
[WhiteFideId "3202534"]
[BlackFideId "4212312"]
[EventDate "2021.09.08"]
[EventType "team"]

1. d4 Nf6 2. Nf3 d5 3. Bf4 c6 4. e3 Bf5 5. Bd3 Bxd3 6. Qxd3 e6 7. O-O Bd6 8.
Bxd6 Qxd6 9. Nbd2 O-O 10. e4 dxe4 11. Nxe4 Nxe4 12. Qxe4 Nd7 13. c3 a5 14. a4 h6
15. Rfe1 b5 16. Ne5 Rfc8 17. Qf3 Nf6 18. h4 b4 19. Nd3 bxc3 20. bxc3 Rab8 21.
Rab1 Qd5 22. Qxd5 Nxd5 23. c4 Rxb1 24. Rxb1 Nc3 25. Rb7 Nxa4 26. Ne5 Nc3 27. Kf1
a4 28. Ra7 h5 29. Ke1 f6 30. Nd7 Rd8 31. f3 a3 32. Kd2 Nb1+ 33. Kd3 a2 34. Nb6
c5 35. d5 Rb8 36. Nd7 Rb3+ 37. Kc2 Na3+ 38. Kxb3 a1=Q 39. Rxa3 Qb1+ 0-1

[Event "Online Olym Top DivA 2021"]
[Site "chess.com INT"]
[Date "2021.09.08"]
[Round "2.3"]
[Board "3"]
[White "Tsolakidou, Stavroula"]
[Black "Ryjanova, Julia"]
[Result "1-0"]
[WhiteTitle "IM"]
[BlackTitle "WGM"]
[WhiteElo "2377"]
[BlackElo "2296"]
[WhiteTeam "Greece"]
[BlackTeam "Australia"]
[WhiteFideId "4264312"]
[BlackFideId "4127714"]
[EventDate "2021.09.08"]
[EventType "team"]

1. d4 Nf6 2. c4 e6 3. g3 c5 4. d5 exd5 5. cxd5 d6 6. Nc3 g6 7. Bg2 Bg7 8. Nf3
O-O 9. O-O a6 10. a4 Re8 11. Re1 Nbd7 12. Bf4 Ng4 13. a5 Nde5 14. Ne4 h6 15. Qc1
f5 16. Ned2 g5 17. Bxe5 Nxe5 18. Nxe5 Bxe5 19. Nc4 Bg7 20. Rb1 Qf6 21. b4 cxb4
22. Rxb4 Bd7 23. Rxb7 Bb5 24. Nb6 Rad8 25. e3 Qc3 26. Bf1 Bxf1 27. Rxf1 Rb8 28.
Ra7 Qxa5 29. Qc7 Qc3 30. Qf7+ Kh8 31. Nd7 Rbd8 32. Qxf5 Re7 33. Rb1 Qc8 34. Rbb7
Qc1+ 35. Kg2 Qc4 36. Nf6 1-0

[Event "Online Olym Top DivA 2021"]
[Site "chess.com INT"]
[Date "2021.09.08"]
[Round "2.3"]
[Board "4"]
[White "Nguyen, Thu Giang"]
[Black "Botsari, Anna-Maria"]
[Result "0-1"]
[WhiteTitle "WFM"]
[BlackTitle "WGM"]
[WhiteElo "2119"]
[BlackElo "2222"]
[WhiteTeam "Australia"]
[BlackTeam "Greece"]
[WhiteFideId "12400980"]
[BlackFideId "4200446"]
[EventDate "2021.09.08"]
[EventType "team"]

1. e4 c5 2. Nf3 e6 3. c3 d5 4. exd5 Qxd5 5. d4 Nf6 6. Nbd2 Nc6 7. Bc4 Qd8 8. Nb3
cxd4 9. cxd4 Bb4+ 10. Bd2 O-O 11. O-O a6 12. a4 Nd5 13. Rc1 h6 14. Bd3 Bxd2 15.
Qxd2 Qd6 16. Nc5 Ndb4 17. Bb1 Rd8 18. Rfd1 b6 19. Ne4 Qe7 20. Qf4 Bb7 21. Ng3
Rac8 22. Nh5 Nd5 23. Qe4 f5 24. Qe2 Qf7 25. Ng3 Nf4 26. Qe3 g5 27. Ba2 Nb4 28.
Bb3 Bd5 29. Ne5 Qb7 30. f3 Rxc1 31. Rxc1 Rc8 32. Bxd5 Nbxd5 33. Qe1 Rc7 34. Rxc7
Qxc7 35. Qd2 Kg7 36. Nf1 Ng6 37. Nxg6 Kxg6 38. Qe2 Nf4 39. Qd2 Qc4 40. a5 b5 41.
Ng3 Nd3 42. Qc3 Qxc3 43. bxc3 Nb2 44. Ne2 Nc4 45. Nc1 Nxa5 46. Nd3 Nb3 47. Kf2
Kf6 48. Ke1 a5 49. Kd1 a4 50. Kc2 Na5 51. Nb4 Nc4 52. Kd3 Ke7 53. g4 fxg4 54.
fxg4 Kd6 55. Ke4 a3 56. h3 Nb6 57. Na2 Nd5 58. Kd3 Nf4+ 59. Kc2 Nxh3 60. Kb3 Nf2
61. Kxa3 Nxg4 62. Kb4 h5 63. Kxb5 h4 64. c4 h3 65. c5+ Kc7 66. Nb4 h2 67. Na6+
Kc8 68. c6 h1=Q 69. Nc5 Qb1+ 70. Ka6 Kc7 71. Nxe6+ Kxc6 72. d5+ Kxd5 73. Nc7+
Kc6 74. Ka5 Kxc7 0-1

[Event "Online Olym Top DivA 2021"]
[Site "chess.com INT"]
[Date "2021.09.08"]
[Round "2.3"]
[Board "5"]
[White "Ioannidis, Evgenios"]
[Black "Winkelman, Albert"]
[Result "0-1"]
[WhiteTitle "IM"]
[BlackTitle "FM"]
[WhiteElo "2445"]
[BlackElo "2257"]
[WhiteTeam "Greece"]
[BlackTeam "Australia"]
[WhiteFideId "4229274"]
[BlackFideId "3219941"]
[EventDate "2021.09.08"]
[EventType "team"]

1. d4 Nf6 2. c4 g6 3. Nc3 d5 4. cxd5 Nxd5 5. Bd2 Bg7 6. e4 Nb6 7. Be3 O-O 8. Be2
Nc6 9. Nf3 Na5 10. b3 c5 11. Rc1 cxd4 12. Nxd4 Bd7 13. Nd5 Nc6 14. O-O Nxd5 15.
exd5 Nb4 16. Bf3 Nxa2 17. Rc4 a5 18. Qd2 Nb4 19. Rfc1 Be8 20. Bh6 Bxh6 21. Qxh6
Qd6 22. Nc6 f5 23. Nxb4 axb4 24. Rh4 Rf7 25. g3 Bd7 26. Rcc4 Rg7 27. Rxb4 b5 28.
Kg2 Ra2 29. Rbd4 Qc5 30. Rd2 Ra3 31. Rd3 Ra2 32. Qe3 Qxe3 33. Rxe3 Rd2 34. Rb4
g5 35. Re2 Rd3 36. Re5 Rd2 37. Be2 Rg6 38. Rxe7 Rxd5 39. Bf3 Rdd6 40. g4 f4 41.
Be4 Rg7 42. Re5 h6 43. Bd5+ Kf8 44. f3 Re7 45. Rbe4 Rxe5 46. Rxe5 b4 47. Kf2 Ra6
48. Ke2 Bb5+ 49. Kd2 Ra2+ 50. Kc1 Rxh2 51. Be4 Bd7 52. Bd5 Rf2 53. Kd1 Be8 54.
Ke1 Rb2 55. Rf5+ Ke7 56. Kd1 Bd7 57. Rf7+ Kd6 58. Bc4 Bc6 59. Rf6+ Kc5 60. Rxh6
Bxf3+ 61. Kc1 Rg2 0-1

[Event "Online Olym Top DivA 2021"]
[Site "chess.com INT"]
[Date "2021.09.08"]
[Round "2.3"]
[Board "6"]
[White "Cheng, Chao Xin"]
[Black "Tsivelekidou, Evgenia"]
[Result "1/2-1/2"]
[WhiteElo "1731"]
[BlackElo "1972"]
[WhiteTeam "Australia"]
[BlackTeam "Greece"]
[WhiteFideId "3232468"]
[BlackFideId "4274830"]
[EventDate "2021.09.08"]
[EventType "team"]

1. e4 c6 2. d4 d5 3. e5 Bf5 4. Nf3 e6 5. b3 Nd7 6. Bb2 Bb4+ 7. c3 Be7 8. Bd3 Nh6
9. O-O O-O 10. Na3 Qa5 11. Nc2 c5 12. Ne3 Bg6 13. Bxg6 hxg6 14. Qd3 Nf5 15. Rfd1
Qb6 16. Rab1 a5 17. Nxf5 gxf5 18. c4 Qc6 19. dxc5 Nxc5 20. cxd5 Nxd3 21. dxc6
Nxb2 22. cxb7 Nxd1 23. bxa8=Q Rxa8 24. Rxd1 a4 25. Rb1 axb3 26. axb3 Bc5 27. Ne1
Rd8 28. b4 Bb6 29. Rb2 Rd1 30. Kf1 Bd4 31. Rc2 Bxe5 32. Ke2 Rb1 33. Nd3 Bd6 34.
Rc8+ Kh7 35. Rc4 Kg6 36. g3 Kf6 37. h4 g6 38. Kd2 e5 39. Kc2 Ra1 40. Kb2 Rf1 41.
Rc2 e4 42. Nc5 Be5+ 43. Kb3 Bd4 44. Nd7+ Ke7 45. Nb8 Bxf2 46. Nc6+ Kf6 47. Rc3
e3 48. Nd4 Rd1 49. Ne2 Rd2 50. Nf4 e2 51. Rc6+ Kg7 52. Nxe2 Rxe2 53. b5 Bxg3 54.
b6 Re8 55. Kc4 Rb8 56. Kb5 Bxh4 57. Ka6 Bf2 58. b7 Bg3 59. Rc8 Be5 60. Ka7 Rxb7+
61. Kxb7 f4 62. Rc1 g5 63. Kc6 f3 64. Kd5 Bf4 65. Rg1 f2 66. Rf1 Be3 67. Ke4 Bb6
68. Kf5 f6 69. Rh1 Bd4 70. Rf1 Kf7 71. Rd1 Bc5 72. Rd7+ Ke8 73. Rd1 Ke7 74. Rf1
Bd4 75. Rd1 Be5 76. Rf1 Bd4 77. Rd1 Be5 78. Rf1 Bg3 79. Rd1 Bh4 80. Rf1 Bg3 81.
Rd1 Be5 1/2-1/2

[Event "Online Olym Top DivA 2021"]
[Site "chess.com INT"]
[Date "2021.09.08"]
[Round "2.4"]
[Board "1"]
[White "Maghsoodloo, Parham"]
[Black "Martirosyan, Haik M."]
[Result "0-1"]
[WhiteTitle "GM"]
[BlackTitle "GM"]
[WhiteElo "2695"]
[BlackElo "2636"]
[WhiteTeam "Iran"]
[BlackTeam "Armenia"]
[WhiteFideId "12539929"]
[BlackFideId "13306553"]
[EventDate "2021.09.08"]
[EventType "team"]

1. e4 e5 2. Nf3 Nc6 3. Bb5 Nf6 4. O-O Nxe4 5. d4 Nd6 6. dxe5 Nxb5 7. a4 d6 8. e6
Bxe6 9. axb5 Ne5 10. Nd4 Be7 11. f4 Nc4 12. Nxe6 fxe6 13. Qg4 Qd7 14. f5 d5 15.
fxe6 Qxb5 16. Rf7 O-O-O 17. Bf4 g5 18. Bg3 h5 19. Qd4 Qc5 20. Bf2 Qxd4 21. Bxd4
Rhe8 22. Rxa7 Kb8 23. Ra1 Nd6 24. Rh7 b6 25. Nc3 Nf5 26. Bf2 d4 27. Ne4 Rd5 28.
Rxh5 Re5 29. Ng3 Ne3 30. Rc1 Rxe6 31. h3 Rf8 32. Nf1 Bc5 33. Rxg5 Ref6 34. b4
Rxf2 35. Nxe3 dxe3 36. bxc5 e2 37. Rg8 Rf1+ 0-1

[Event "Online Olym Top DivA 2021"]
[Site "chess.com INT"]
[Date "2021.09.08"]
[Round "2.4"]
[Board "2"]
[White "Hovhannisyan, Robert"]
[Black "Idani, Pouya"]
[Result "0-1"]
[WhiteTitle "GM"]
[BlackTitle "GM"]
[WhiteElo "2626"]
[BlackElo "2627"]
[WhiteTeam "Armenia"]
[BlackTeam "Iran"]
[WhiteFideId "13302507"]
[BlackFideId "12510130"]
[EventDate "2021.09.08"]
[EventType "team"]

1. e4 c5 2. Nf3 d6 3. d4 cxd4 4. Nxd4 Nf6 5. Nc3 a6 6. Be2 e5 7. Nf3 Be7 8. Bg5
Be6 9. Bxf6 Bxf6 10. O-O O-O 11. Qd2 Be7 12. Nd5 Bxd5 13. Qxd5 Qc7 14. Nd2 Nd7
15. Nc4 Rfd8 16. Qd3 Nc5 17. Qf3 Bg5 18. Rfd1 g6 19. a4 Qc6 20. Na5 Qb6 21. Nb3
Nd7 22. g3 Rac8 23. h4 Bh6 24. a5 Qb4 25. Bd3 Kg7 26. Qe2 Nf6 27. Kg2 d5 28. f3
dxe4 29. fxe4 Rd6 30. Rf1 Rcd8 31. Rf3 Rc6 32. Raf1 Rd7 33. Qe1 Qxe1 34. Rxe1
Ne8 35. c3 Nc7 36. Na1 Rcd6 37. Bf1 Rd2+ 38. Rf2 Ne6 39. Nc2 Rxf2+ 40. Kxf2 Rd2+
41. Re2 Nc5 42. Rxd2 Nxe4+ 43. Ke2 Nxd2 44. Bg2 e4 45. Ne3 Nb3 46. Bxe4 Nxa5 47.
b4 Nc6 48. Nc4 Nd8 49. Bd5 Kf6 50. Kd3 Bf8 51. Ke4 h5 52. Kf3 Bg7 53. Ke4 Ke7
54. Kd3 Kd7 55. Na5 Kc7 56. Nc4 b6 57. Nd2 Be5 58. Nf1 a5 59. bxa5 bxa5 60. c4
Kb6 61. Ke4 f6 62. Kf3 a4 63. Nd2 f5 64. Bg8 Kc5 65. Nb1 Nc6 66. Bf7 Ne7 67. Kf2
Bb2 68. Kf3 a3 69. Nxa3 Bxa3 70. Kf4 Kd4 71. Kg5 Bd6 72. Bxg6 Nxg6 73. Kxg6 Ke4
74. Kxh5 Bxg3 75. Kg5 f4 76. Kg4 Bf2 77. h5 Bd4 78. h6 f3 79. Kg3 Ke3 80. c5
Bxc5 81. h7 Bd4 82. h8=Q Bxh8 0-1

[Event "Online Olym Top DivA 2021"]
[Site "chess.com INT"]
[Date "2021.09.08"]
[Round "2.4"]
[Board "3"]
[White "Khademalsharieh, Sarasadat"]
[Black "Danielian, Elina"]
[Result "1-0"]
[WhiteTitle "IM"]
[BlackTitle "GM"]
[WhiteElo "2490"]
[BlackElo "2450"]
[WhiteTeam "Iran"]
[BlackTeam "Armenia"]
[WhiteFideId "12512214"]
[BlackFideId "13300210"]
[EventDate "2021.09.08"]
[EventType "team"]

1. d4 Nf6 2. c4 e6 3. Nc3 Bb4 4. e3 O-O 5. Nf3 d5 6. Bd2 c5 7. a3 Bxc3 8. Bxc3
Ne4 9. Rc1 cxd4 10. Qxd4 Nxc3 11. Qxc3 Nc6 12. b4 dxc4 13. Bxc4 Bd7 14. O-O Rc8
15. Rfd1 Qe7 16. b5 Nb8 17. Qb2 Rfd8 18. a4 Be8 19. Nd4 Nd7 20. a5 Nf6 21. Be2
g6 22. b6 axb6 23. axb6 Ba4 24. Rxc8 Rxc8 25. Ra1 Be8 26. Ra7 Nd5 27. h3 e5 28.
Nf3 f6 29. Nd2 Bf7 30. Bc4 Rc5 31. Ba6 Qd6 32. Rxb7 Nc3 33. Ra7 Na4 34. Qa3 Nxb6
35. Ne4 Qd1+ 36. Kh2 Rc6 37. Qe7 Nd7 38. Rxd7 1-0

[Event "Online Olym Top DivA 2021"]
[Site "chess.com INT"]
[Date "2021.09.08"]
[Round "2.4"]
[Board "4"]
[White "Mkrtchian, Lilit"]
[Black "Alinasab, Mobina"]
[Result "1/2-1/2"]
[WhiteTitle "IM"]
[BlackTitle "WIM"]
[WhiteElo "2378"]
[BlackElo "2309"]
[WhiteTeam "Armenia"]
[BlackTeam "Iran"]
[WhiteFideId "13300601"]
[BlackFideId "12528897"]
[EventDate "2021.09.08"]
[EventType "team"]

1. c4 e6 2. Nc3 d5 3. d4 c5 4. cxd5 exd5 5. Nf3 Nf6 6. dxc5 Bxc5 7. e3 Nc6 8.
Bb5 O-O 9. O-O a6 10. Bxc6 bxc6 11. Nd4 Bd7 12. b3 Bd6 13. Bb2 c5 14. Nf3 Bc6
15. Rc1 Rc8 16. Ne2 Ne4 17. Be5 Be7 18. Nf4 Qd7 19. Bb2 f6 20. Nd2 Ng5 21. Ba3
Bb5 22. Re1 Rfd8 23. Nf3 Nf7 24. Rc2 g5 25. Nh5 Qg4 26. Ng3 Qe6 27. Rd2 Ne5 28.
Bb2 a5 29. Bc3 a4 30. bxa4 Bc6 31. a5 Nc4 32. Rd3 Ra8 33. Qa1 Nxa5 34. Nh5 Kf7
35. h4 h6 36. hxg5 hxg5 37. Ng3 Nc4 38. Red1 Ba4 39. Re1 Bc2 40. Rd2 Nxd2 41.
Nxd2 Bg6 42. Nf3 Bd6 43. Nf1 g4 44. Nh4 Bd3 45. g3 Rh8 46. a4 Be4 47. Nd2 Bd3
48. a5 Be7 49. Nf1 Rh6 50. Qd1 c4 51. Nh2 f5 52. Nf1 Bxh4 53. gxh4 Rxh4 54. Ng3
Kg6 55. Qd2 Ra7 56. Qb2 Rah7 57. Qb8 Kf7 58. Qc7+ Qe7 59. Qc6 Qe6 60. Qb7+ Kg6
61. Qb6 Qxb6 62. axb6 Rb7 63. Bd4 c3 64. Bxc3 Rxb6 65. Kg2 Rc6 66. Bd4 Rc2 67.
Ra1 Rc6 68. Ra7 Be4+ 69. Nxe4 dxe4 70. Rg7+ Kh6 71. Rf7 Rh5 72. Kg3 Rc1 73. Rf6+
Kh7 74. Rf7+ Kg8 75. Rg7+ Kf8 76. Ra7 Rf1 77. Be5 Rh3+ 78. Kg2 Rd1 79. Bf4 Rd2
80. Ra5 Rh5 81. Bg3 Kf7 82. Rb5 Ke6 83. Ra5 Rh7 84. Ra6+ Ke7 85. Ra7+ Rd7 86.
Ra5 Kf6 87. Ra6+ Kf7 88. Ra5 Rh5 89. Bf4 Rb7 90. Rc5 Ke6 91. Re5+ Kd7 92. Rc5
Rb2 93. Rc7+ Ke6 94. Rc5 Ra2 95. Re5+ Kd7 96. Rc5 Rh3 97. Bg3 Ke6 98. Re5+ Kf6
99. Rb5 f4 100. Bxf4 Rf3 101. Bg3 Rxe3 102. Rb6+ Kf7 103. Rb7+ Ke6 104. Rb6+ Kd5
105. Rg6 Ree2 106. Rg5+ Kc6 107. Rxg4 e3 108. Re4 Kd5 109. Re8 Kd4 110. Rd8+ Ke4
111. Re8+ Kd3 112. Rd8+ Kc4 113. Re8 Kd3 114. Rd8+ Ke4 115. Re8+ Kf5 116. Rf8+
Ke6 117. Re8+ Kf7 118. Re4 Re1 119. Kf3 e2 120. Re5 Rc2 121. Re4 Rc3+ 122. Kg2
Rc2 123. Kf3 Kf6 124. Re8 Kf5 125. Re7 Rc3+ 126. Kg2 Rc2 127. Kf3 Kf6 128. Re8
Kf7 129. Re4 1/2-1/2

[Event "Online Olym Top DivA 2021"]
[Site "chess.com INT"]
[Date "2021.09.08"]
[Round "2.4"]
[Board "5"]
[White "Tabatabaei, M. Amin"]
[Black "Hakobyan, Aram"]
[Result "1-0"]
[WhiteTitle "GM"]
[BlackTitle "GM"]
[WhiteElo "2624"]
[BlackElo "2621"]
[WhiteTeam "Iran"]
[BlackTeam "Armenia"]
[WhiteFideId "12521213"]
[BlackFideId "13306677"]
[EventDate "2021.09.08"]
[EventType "team"]

1. e4 c5 2. Nf3 d6 3. Bb5+ Nd7 4. Ba4 Nf6 5. O-O a6 6. c4 g6 7. Nc3 Bg7 8. d3
O-O 9. h3 Nb6 10. Bc2 e5 11. a3 Nh5 12. b4 Nf4 13. Rb1 Ne6 14. bxc5 dxc5 15. a4
Nd7 16. Nd5 a5 17. Re1 b6 18. Be3 Ra6 19. Rb3 Bb7 20. Qd2 Bc6 21. Rb2 Re8 22. h4
h5 23. g3 Nd4 24. Kg2 Nxc2 25. Qxc2 Re6 26. Reb1 Rd6 27. Bd2 Bb7 28. Qc1 Nf8 29.
Bh6 f6 30. Rb3 Bxh6 31. Qxh6 Bc8 32. Ng1 Bd7 33. Ra3 Be8 34. Ne2 Ra7 35. Qe3 Ne6
36. Rf1 Kg7 37. Ra2 Rf7 38. f4 exf4 39. Nexf4 Nxf4+ 40. Rxf4 Re6 41. Qd2 Bc6 42.
Qc3 Kh7 43. Raf2 Kg7 44. Qa1 Rf8 45. Kg1 Rf7 46. g4 hxg4 47. Rxg4 Bxd5 48. cxd5
Re5 49. Rfg2 Qh8 50. Rxg6+ Kf8 51. R2g4 Rh5 52. Qe1 Rfh7 53. Qg3 Rg5 54. hxg5 f5
55. Qb8+ Kf7 56. Qxh8 Rxh8 57. exf5 Rh3 58. Rf6+ 1-0

[Event "Online Olym Top DivA 2021"]
[Site "chess.com INT"]
[Date "2021.09.08"]
[Round "2.4"]
[Board "6"]
[White "Sargsyan, Anna M."]
[Black "Zahedifar, Anahita"]
[Result "1/2-1/2"]
[WhiteTitle "WGM"]
[BlackTitle "WFM"]
[WhiteElo "2402"]
[BlackElo "2213"]
[WhiteTeam "Armenia"]
[BlackTeam "Iran"]
[WhiteFideId "13308130"]
[BlackFideId "12560715"]
[EventDate "2021.09.08"]
[EventType "team"]

1. d4 d5 2. c4 c6 3. Nf3 Nf6 4. Nc3 e6 5. e3 Nbd7 6. Bd3 dxc4 7. Bxc4 b5 8. Bd3
Bb7 9. Qc2 b4 10. Ne4 Be7 11. Bd2 Rc8 12. Nc5 Nxc5 13. dxc5 a5 14. a3 bxa3 15.
Rxa3 Ra8 16. O-O O-O 17. Rfa1 Qd5 18. Rxa5 Rxa5 19. Rxa5 Rd8 20. Bc4 Qe4 21. Qc1
Nd7 22. b4 Bf6 23. Ra7 Bc8 24. Bf1 Ne5 25. Nxe5 Qxe5 26. b5 cxb5 27. c6 Qd5 28.
Ba5 Re8 29. g3 e5 30. Ra8 Kf8 31. Bb4+ Be7 32. Bxe7+ Kxe7 33. Qa3+ Kf6 34. Qc3
Qd1 35. Ra1 Qd6 36. h4 b4 37. Qc1 Be6 38. Ra6 Rc8 39. Bb5 b3 40. e4 h6 41. h5
Qb4 42. Bd3 b2 43. Qb1 Qd2 44. Rb6 Qc1+ 45. Kg2 Rxc6 46. Rxc6 Qxc6 47. Qxb2 Qd6
48. Qc3 Bg4 49. f3 Bxh5 50. g4 Bg6 51. Kg3 Ke7 52. Bc4 Qd4 53. Qa3+ Kf6 54. Qc1
Qd6 55. Bd5 Ke7 56. Qb2 f6 57. Qb7+ Qd7 58. Qb4+ Qd6 59. Qb7+ Qd7 60. Qb8 Qd8
61. Qa7+ Qd7 62. Qc5+ Qd6 63. Qc8 Be8 64. Qf5 Bf7 65. Bb7 Qc7 66. Ba6 g6 67. Qc8
Qxc8 68. Bxc8 Be6 69. Ba6 Kf7 70. f4 exf4+ 71. Kxf4 g5+ 72. Kg3 Bd7 73. Be2 Bc6
74. Kf3 Ke6 75. Ke3 Ke5 76. Bf3 Bb7 77. Bg2 Bc8 78. Bf3 Be6 79. Be2 Bd7 80. Bf3
Ba4 81. Be2 Bc2 82. Bf3 Bb1 83. Bg2 Bc2 84. Bf3 Ba4 85. Be2 Bc6 86. Bf3 Bb7 87.
Bg2 f5 88. gxf5 h5 89. f6 Kxf6 90. e5+ Kxe5 91. Bxb7 g4 92. Kf2 h4 93. Kg2 g3
94. Kh3 Kf4 95. Kxh4 g2 96. Bxg2 1/2-1/2

[Event "Online Olym Top DivA 2021"]
[Site "chess.com INT"]
[Date "2021.09.08"]
[Round "2.5"]
[Board "1"]
[White "Mchedlishvili, Mikheil"]
[Black "Deac, Bogdan-Daniel"]
[Result "0-1"]
[WhiteTitle "GM"]
[BlackTitle "GM"]
[WhiteElo "2571"]
[BlackElo "2639"]
[WhiteTeam "Georgia"]
[BlackTeam "Romania"]
[WhiteFideId "13600966"]
[BlackFideId "1226380"]
[EventDate "2021.09.08"]
[EventType "team"]

1. d4 d5 2. c4 e6 3. Nf3 Nf6 4. g3 Be7 5. Bg2 O-O 6. O-O dxc4 7. Qc2 a6 8. a4
Bd7 9. Qxc4 Bc6 10. Bg5 h6 11. Bxf6 Bxf6 12. Rd1 a5 13. Nc3 Bd5 14. Qb5 Bc6 15.
Qb3 Ra6 16. e4 Rb6 17. Qc2 Na6 18. Qe2 Nb4 19. h4 g6 20. Rd2 Qe7 21. Re1 Rd8 22.
Qd1 Be8 23. e5 Bg7 24. h5 g5 25. Nh2 Nd5 26. Ng4 Nxc3 27. bxc3 Qa3 28. Qa1 Qxa1
29. Rxa1 Rb3 30. Rc2 Kf8 31. Rcc1 b6 32. Bf3 c5 33. Bd1 Rb2 34. dxc5 bxc5 35.
Ne3 Bc6 36. Nc4 Rbb8 37. f4 gxf4 38. gxf4 f6 39. Rab1 fxe5 40. fxe5 Bd5 41. Be2
Ke7 42. Kf2 Rf8+ 43. Ke3 Bxc4 44. Bxc4 Bxe5 45. Rxb8 Rxb8 46. Rg1 Bxc3 47. Rg6
Bf6 48. Kd3 Rb4 49. Rxh6 Rxa4 0-1